000
00213 a2200097 4500
001
41957
100
_a
Sly, C
245
_a
How to Scored Century
260
_a
_b
Thorsons Publishers Ltd
_c
090
_c
26017
_d
26017
942
_a
NUST-CAE
_c
M
_c
17800
999
_c
277030
_d
277030